| 000 | 00473nam a2200181Ia 4500 | ||
|---|---|---|---|
| 005 | 20250423101452.0 | ||
| 008 | 250422s9999 xx 000 0 und d | ||
| 020 | _a9789784918336 | ||
| 050 | _aHN 831.Z9 .I44/ | ||
| 100 | _aIle, J. O. | ||
| 245 | 4 | _aThe text, the critic and conflict resolution in Nigeria | |
| 260 | _aNigeria | ||
| 260 | _bRossen Publications Ltd. | ||
| 260 | _c2014 | ||
| 300 | _a130 p | ||
| 650 | _aConflict management - Nigeria | ||
| 942 | _cBK | ||
| 999 |
_c36382 _d36382 |
||